| 000 | 00556nam a2200217Ia 4500 | ||
|---|---|---|---|
| 003 | OSt | ||
| 005 | 20230503152040.0 | ||
| 008 | 210423s2003 xx 000 0 und d | ||
| 020 | _a9788173194726 | ||
| 040 | _cAL | ||
| 041 | _aeng | ||
| 082 | _a574.3 TWYR | ||
| 100 |
_aTWYMAN (R M). _997261 |
||
| 245 | _aDevelopmental biology. | ||
| 260 |
_aNew Delhi _bViva Books Pvt Ltd _c2003 |
||
| 300 |
_axii,660 _bPB |
||
| 365 |
_b195 _cINR |
||
| 650 |
_aBiology _997262 |
||
| 906 | _abiology ; biology. ; developmental ; Instant ; notes | ||
| 942 |
_2ddc _cBK |
||
| 999 |
_c163134 _d163134 |
||